000 00803nam a2200193 i 4500
001 84494
003 ES-MaACL
005 20240206203241.0
007 t|
008 041123s1959 sp ||||1| spa d
100 1 _aJoeel, Charles A.
_966701
245 1 0 _aEstudios sobre el esperma humano
_b: una contribución al diagnóstico /
_cCharles A. Joeel ; traducción directa de la segunda edición alemana completamente revisada y ampliada por Jesús González Merlo ; prólogo y dos notas por J. Botella Llusiá.
260 _aBarcelona :
_bEditorial Científico-Médica,
_c1959.
300 _aXIX, 228 p., 15 lám. :
_bil. ;
_c22 cm.
700 1 _aGonzález-Merlo, J.
_958809
700 1 _aBotella Llusiá, José,
_d1912-2002
_930758
852 _aES-MaACL
_jC-16450
_bR.44344
999 _c84494
_d84494